| 000 | 00341nam a2200121Ia 4500 | ||
|---|---|---|---|
| 008 | 150202s9999 xx 000 0 und d | ||
| 050 |
_aFIC _bFIC |
||
| 100 | _aNixon, Lowery Joan. | ||
| 245 | 4 |
_aThe dark and deadly pool / _cLowery Joan Nixon. |
|
| 260 |
_aNew York : _bGranada, _c1987. |
||
| 300 |
_a116 pages : _c18 cm. |
||
| 650 | _aFiction. | ||
| 999 |
_c282287 _d282287 |
||